MDQL
is popping MORE tags! Check the
thread
!
Quizzes
Events
Quiz Creation
Community
Videos
Private Events
Remove Ads
Sign In
Join for FREE
Feedback
Dark Mode
Quiz Categories
Sports
Geography
Music
Movies
Television
Just For Fun
Miscellaneous
History
Literature
Language
Science
Gaming
Entertainment
Religion
Holiday
For Kids
Quiz Lab
Recent
Popular Today
Quiz Kudos Today
Editor Picks
Curator Picks
Quizzes by...
Day
Popularity
Type
Ratings
Length
Year
Community
Subscriptions
Recent Discussions
Orange Saloon
Badges
Playlists
Quests
Create
Leaderboards
Showdown
Live 5
Trivia Bingo
Activity
Puzzle Library
Sporcle Events
Private Events
Virtual Trivia
Globe League
Become a Host
Pub Owners
SporcleCon
Opinionation
Our Games
Videos
Blog
Mobile Apps
Partnerships
Remove Ads and Go Orange
Feedback
Entertainment
Celebrity
Famous
Musical
Broadway
Show
Quote
Comic Books
Anime
Superhero
DC Comics
Marvel
Cartoons
Animation
Entertainment
Celebrity
Famous
Musical
Broadway
Show
Quote
Comic Books
Anime
Superhero
DC Comics
Marvel
Cartoons
Animation
Random Quiz
Search Sporcle
×
Quiz Lab
Quiz Lab
Entertainment
Quote
Type in answers that appear in a list
Type in answers that appear in a list
Classic
Best Score? Go Orange.
Finish the Famous Quotes Stats
Can you name the end of these famous quotes?
By
emoneykarenin
8m
20 Questions
137 Plays
137 Plays
137 Plays
Comments
Comments
Give Quiz Kudos
Give Quiz Kudos
-
- Ratings
hide this ad
Replay
Link that replays current quiz
Next Quiz
Link to next quiz in quiz playlist
You Got
0%
They Got
Avg Score
18%
Avg Friend Score
Upgrade to see
Score Distribution
Jump to the score distribution portion of the page
Score
0/20
Timer
08:00
0
Plays Today
Quote
...
% Correct
Not everything that can be counted counts, and not everything that counts
can be counted
61.3%
I may be drunk, Miss, but in the morning I will be sober and you
will still be ugly
52.6%
Dream as if you'll live forever, live as if
you'll die tomorrow
51.1%
I'd rather be hated for who I am than
loved for who I'm not
39.4%
Life is 10% of what happens to me and 90% of how I
react to it
27%
O what a tangled web we weave, When first we
practice to deceive
17.5%
Be civil to all; sociable to many; familiar with few; friend to one;
enemy to none
16.8%
Life is what happens to you while you're
busy making other plans
16.8%
Never interrupt your enemy when he is
making a mistake
16.1%
Some people feel the rain. Others just
get wet
13.9%
Quote
...
% Correct
Happy families are all alike; every unhappy family is
unhappy in its own way
13.9%
Wise men talk because they have something to say; fools talk because they
have to say something
10.2%
All that we see or seem is but a
dream within a dream
6.6%
A lie gets halfway around the world before the truth has a chance to
get its pants on
6.6%
Many people would sooner die than think; In fact,
they do so
4.4%
Never let your sense of morals get in the way of
doing what's right
4.4%
Future. That period of time in which our affairs prosper, our friends are true and our happiness
is assured
4.4%
Don't gain the world and lose your soul, wisdom is better than
silver or gold
3.6%
Always do right. This will gratify some people and
astonish the rest
2.9%
There is nothing like returning to a place that remains unchanged to find the ways in which you yourself
have altered
2.2%
Quiz Playlist
Details
Report
Send in Message
Add To Playlist
Classic:
Type in answers that appear in a list
Last Updated: Feb 16, 2017
Quiz Scoreboard
CHALLENGE
Sign Up to Join the Scoreboard
Show All
Scores
Hide
Comments
May contain spoilers
Recently Published
Two Season TV Shows II
by 123Four
Television
10m
Image Sorting: Flags VI
by Barbecue
Geography
2m
Find the 'City' Movie
by crazypaving
Movies
60s
More to Explore
Quiz From the Vault
Featured Blog Post
14 Easter Pick-up Lines to Find Eggs With
hide this ad
You Might Also Like...
Tags
Famous Quiz
Quote Quiz
end
finish
Person
Today's Top Quizzes in Entertainment
Browse Entertainment
hide this ad
Today's Top Quizzes in Quote
Browse Quote
Top Contributed Quizzes in Entertainment
1
Marvel Classic Character Map
2
Dragon Ball Z: Goku's Fights in Order
3
Movie-Themed Roller Coasters
4
Marvel Characters Bunker
5
Who stole Onew's chicken? (KPOP LOGIC QUIZ)
6
Sorting Pictures: Villains
7
JoJo's Bizarre Logic Quiz
8
Harry Styles-Are you no.1 fan
9
Celebrity Spelling Bee
10
This is Your Life: Edward Elric
Explore More
Trending Topics
Crossword
Kpop
Anime
Disney
NBA
Marvel
Harry Potter
Country
Soccer
The Office
NFL
Song
Puzzle
WWE
Pokémon
hide this ad
More By:
emoneykarenin
Quiz
Plays
Rating
Category
Featured
Created
Figure Out The Lyrics ***0001***
484
3.29
Music
Dec 7, 2010
finish the lyrics-more
240
2.67
Music
Apr 8, 2010
Finish the Famous Quotes
137
5.00
Entertainment
Apr 15, 2010
Go to Creator's Profile
Score Distribution
Quiz Creator Spotlight
emoneykarenin
Follow
Send a Message
Quizzes Created
-
Created Quiz Play Count
-
More By This Creator
Popular Quizzes Today
1
Find the US States - No Outlines Minefield
2
Colored Red Africa Blitz
3
Find the 'City' Movie
4
5x2 Blitz: Bands
5
The Countries of the World
6
Find the Countries of Europe - No Outlines Minefield
7
Find the US States
8
US States
More Entertainment Quizzes
Pixellated Playbills
Curator's Pick
Trending Quizzes
Colored Red Europe Blitz I
Colored Red Africa Blitz II
Colored Red Europe Blitz II
Colored Red Europe Blitz III
Colored Red Africa Blitz III
Recently Updated
How Do You Spell That?
pecheneg
Godzilla Movies
pecheneg
Grab Bag: 4-10 Letters
pecheneg
2024 March Madness Bracket
pecheneg
Famous TV Couples
Peacemaker
Champions League XIs: Real Madrid
pecheneg
Largest US Cities 1790-2010
pecheneg
Rides in Walt Disney World
pecheneg
Most Oscar Losses (Acting)
pecheneg
Beyoncé Albums
pecheneg
Trending Topics
Kpop
Harry Potter
Disney
Anime
Marvel
Crossword
NBA
Soccer
Puzzle
NFL
Song
WWE
The Office
Country
Pokémon
Your Account Isn't Verified!
In order to create a playlist on Sporcle, you need to verify the email address you used during registration. Go to your
Sporcle Settings
to finish the process.
Report this User
Report this user for behavior that violates our
Community Guidelines
.
Details:
Send Report
Go to the Sporcle.com Mobile Site →
Comments